College Algebra / (Record no. 181980)

000 -LEADER
fixed length control field 01101 a2200193 4500
003 - CONTROL NUMBER IDENTIFIER
control field Nust
005 - DATE AND TIME OF LATEST TRANSACTION
control field 20230705093651.0
010 ## - LIBRARY OF CONGRESS CONTROL NUMBER
LC control number 81017075
020 ## - INTERNATIONAL STANDARD BOOK NUMBER
International Standard Book Number 0805323074
040 ## - CATALOGING SOURCE
Transcribing agency Nust
082 00 - DEWEY DECIMAL CLASSIFICATION NUMBER
Classification number 512,MID
100 1# - MAIN ENTRY--PERSONAL NAME
Personal name Middlemiss,Ross R
9 (RLIN) 39395
245 10 - TITLE STATEMENT
Title College Algebra /
Statement of responsibility, etc. Ross R Middlemiss
260 ## - PUBLICATION, DISTRIBUTION, ETC.
Place of publication, distribution, etc. NY
Name of publisher, distributor, etc. Mc Graw Hill Pub. Co.,
Date of publication, distribution, etc. 1952
300 ## - PHYSICAL DESCRIPTION
Extent xiii, 344 p. :
Other physical details ill. ;
Dimensions 24 cm.
505 ## - FORMATTED CONTENTS NOTE
Formatted contents note Real Numbers Fundamental Operations (Page-1), Operations with Polynomials and Rational Fractional Expressions (Page-30), Equations (Page-42), Functions and Graphs (Page-76), Systems of Equations (Page-90), Inequalities (Page-106), Negative and Fractional Exponents The Exponential Function(Page-115), Logarithms (Page-126), Variation (Page-148), Progressions (Page-153), Mathematical Induction (Page-165), The Binomial Theorem (Page-172), Compound Interest and Annuities (Page-181), Theory Of Equations (Page-191), Determinants (Page-239), Complex Numbers (Page-264), Permutations and Combinations Probability (Page-280).
650 #0 - SUBJECT ADDED ENTRY--TOPICAL TERM
Topical term or geographic name entry element Algebra.
9 (RLIN) 8509
942 ## - ADDED ENTRY ELEMENTS (KOHA)
Source of classification or shelving scheme
Koha item type Book
Call number prefix 512,MID
Holdings
Withdrawn status Lost status Source of classification or shelving scheme Damaged status Not for loan Permanent Location Current Location Shelving location Date acquired Full call number Barcode Date last seen Price effective from Koha item type Public note
          Military College of Signals (MCS) Military College of Signals (MCS) General Stacks 12/12/2016 512,MID MCS20726 12/08/2016 12/12/2016 Book Almirah No.82, Shelf No.2
© 2023 Central Library, National University of Sciences and Technology. All Rights Reserved.